000 00553nam a2200169 4500
001 145054
003 ES-MaACL
005 20230906201144.0
007 t|
008 070214s1954 sp r ||||1| spa d
100 1 _aSoto, Julio Gonzalo.
_9107493
245 1 3 _aLa nueva ley de arrendamientos rústicos de 15 de julio de 1954
_b: exposición de sus problemas fundamentales /
_cJulio Gonzalo Soto.
250 _a2ª. ed. ampl.
260 _aBurgos :
_bDiario de Burgos,
_c1954.
300 _a61 p. ;
_c22 cm.
852 _aES-MaACL
_j1989-F-10
_bR.36970
999 _c145054
_d145054